Capitals of Countries that Begin with L - Statistics

General Stats
  • This quiz has been taken 150 times
  • The average score is 8 of 9
Answer Stats
Hint Answer % Correct
Luxembourg Luxembourg
100%
Lebanon Beirut
98%
Libya Tripoli
98%
Latvia Riga
97%
Lithuania Vilnius
97%
Liechtenstein Vaduz
95%
Liberia Monrovia
90%
Laos Vientiane
89%
Lesotho Maseru
73%
No matching quizzes found
Score Distribution
Percent of People with Each Score
Percentile by Number Answered
Your Score History
You have not taken this quiz